000 00440nam a2200181Ia 4500
003 GCL
008 140319s9999 xx 000 0 eng d
040 _aGCL /
_cGCL
082 0 4 _a736.98
_bS S
100 1 _aSCHUBERT, HORST
245 1 0 _aSCULPTURES DE PAPIES /
_cSCHUBERT, HORST
260 _a[S.N] :
_bFLEURUS IDEAS
650 0 4 _aحسن فتحى
650 0 4 _aARTS
650 0 4 _aPAPER WORK
650 0 4 _aPAPER ARTS
942 _2ddc
_cBK
999 _c14104
_d14104